<?xml version="1.0" encoding="UTF-8"?>
<record
    xmlns:xsi="http://www.w3.org/2001/XMLSchema-instance"
    xsi:schemaLocation="http://www.loc.gov/MARC21/slim http://www.loc.gov/standards/marcxml/schema/MARC21slim.xsd"
    xmlns="http://www.loc.gov/MARC21/slim">

  <leader>00729nam a22002297a 4500</leader>
  <controlfield tag="003">UA-OsUOA</controlfield>
  <controlfield tag="001"> 42884 </controlfield>
  <controlfield tag="007">ta</controlfield>
  <controlfield tag="008">20061127b un ||||| |||| 00| 0 ukr d</controlfield>
  <datafield tag="090" ind1=" " ind2=" ">
    <subfield code="a">316+159.9+37</subfield>
    <subfield code="b">&#x410;43</subfield>
  </datafield>
  <datafield tag="942" ind1=" " ind2=" ">
    <subfield code="c">BK</subfield>
  </datafield>
  <datafield tag="040" ind1=" " ind2=" ">
    <subfield code="a">UA-OsUOA</subfield>
    <subfield code="b">ukr</subfield>
    <subfield code="c">UA-OsUOA</subfield>
    <subfield code="d">UA-OsUOA</subfield>
  </datafield>
  <datafield tag="245" ind1=" " ind2=" ">
    <subfield code="a">&#x410;&#x43A;&#x442;&#x443;&#x430;&#x43B;&#x44C;&#x43D;&#x456; &#x43F;&#x440;&#x43E;&#x431;&#x43B;&#x435;&#x43C;&#x438; &#x441;&#x43E;&#x446;&#x456;&#x43E;&#x43B;&#x43E;&#x433;&#x456;&#x457;, &#x43F;&#x441;&#x438;&#x445;&#x43E;&#x43B;&#x43E;&#x433;&#x456;&#x457; &#x442;&#x430; &#x43F;&#x435;&#x434;&#x430;&#x433;&#x43E;&#x433;&#x456;&#x43A;&#x438;</subfield>
    <subfield code="b">&#x41C;&#x430;&#x442;&#x435;&#x440;&#x456;&#x430;&#x43B;&#x438; &#x412;&#x441;&#x435;&#x443;&#x43A;&#x440;&#x430;&#x457;&#x43D;&#x441;&#x44C;&#x43A;&#x43E;&#x457; &#x43D;&#x430;&#x443;&#x43A;&#x43E;&#x432;&#x43E;-&#x43F;&#x440;&#x430;&#x43A;&#x442;&#x438;&#x447;&#x43D;&#x43E;&#x457; &#x43A;&#x43E;&#x43D;&#x444;&#x435;&#x440;&#x435;&#x43D;&#x446;&#x456;&#x457;</subfield>
  </datafield>
  <datafield tag="300" ind1=" " ind2=" ">
    <subfield code="a">480 &#x441;.</subfield>
  </datafield>
  <datafield tag="955" ind1=" " ind2=" ">
    <subfield code="a">1</subfield>
  </datafield>
  <datafield tag="041" ind1=" " ind2=" ">
    <subfield code="a">ukr</subfield>
  </datafield>
  <datafield tag="080" ind1=" " ind2=" ">
    <subfield code="a">316+159.9+37</subfield>
  </datafield>
  <datafield tag="020" ind1=" " ind2=" ">
    <subfield code="a">966-06-0426-2</subfield>
  </datafield>
  <datafield tag="260" ind1=" " ind2=" ">
    <subfield code="a">&#x41A;.</subfield>
    <subfield code="b">&#x41B;&#x438;&#x431;&#x456;&#x434;&#x44C;</subfield>
    <subfield code="c">2006</subfield>
  </datafield>
  <datafield tag="650" ind1=" " ind2="7">
    <subfield code="a">159.9 &#x41F;&#x441;&#x438;&#x445;&#x43E;&#x43B;&#x43E;&#x433;&#x456;&#x44F;</subfield>
    <subfield code="2">UDC</subfield>
  </datafield>
  <datafield tag="999" ind1=" " ind2=" ">
    <subfield code="c">329014</subfield>
    <subfield code="d">329014</subfield>
  </datafield>
  <datafield tag="952" ind1=" " ind2=" ">
    <subfield code="0">0</subfield>
    <subfield code="1">0</subfield>
    <subfield code="2">udc</subfield>
    <subfield code="4">0</subfield>
    <subfield code="7">0</subfield>
    <subfield code="a">102</subfield>
    <subfield code="b">102</subfield>
    <subfield code="d">2006-11-27</subfield>
    <subfield code="e">131/2006</subfield>
    <subfield code="g">48.00</subfield>
    <subfield code="i">100778</subfield>
    <subfield code="l">0</subfield>
    <subfield code="o">316+159.9+37 &#x410;43</subfield>
    <subfield code="p">100778</subfield>
    <subfield code="r">2022-02-09 00:00:00</subfield>
    <subfield code="w">2006-11-27</subfield>
    <subfield code="y">BK</subfield>
  </datafield>
</record>
